LEADER 01060nam--2200349---450- 001 990005888700203316 005 20130924115636.0 035 $a000588870 035 $aUSA01000588870 035 $a(ALEPH)000588870USA01 035 $a000588870 100 $a20130923d1923----km-y0itay50------ba 101 0 $aita 102 $aIT 105 $a||||||||001yy 200 1 $a<> R. Archivio di Stato di Napoli$fNicola Barone 210 $aNapoli$cRondinella & Loffredo$d1923 215 $a36 p., [12] carte di tav.$cill.$d26 cm 225 2 $aBiblioteca di Moyseion$v2 410 0$12001$aBiblioteca di Moyseion$v2 606 0 $aArchivi di Stato$yNapoli$2BNCF 676 $a026.945731 700 1$aBARONE,$bNicola$036033 801 0$aIT$bsalbc$gISBD 912 $a990005888700203316 951 $aXV.2.MISC. 33$b4713 F.C.$cXV.2.MISC.$d00342935 959 $aBK 969 $aCUOMO 979 $aAMENDOLA$b90$c20130923$lUSA01$h1445 979 $aAMENDOLA$b90$c20130924$lUSA01$h1156 996 $aR. Archivio di Stato di Napoli$9352347 997 $aUNISA LEADER 01486nas 2200385 n 450 001 990008954330403321 005 20240229084532.0 011 $a0013-2942 035 $a000895433 035 $aFED01000895433 035 $a(Aleph)000895433FED01 035 $a000895433 091 $2CNR$aP 00075496 100 $a20161109a19559999km-y0itaa50------ba 101 0 $aeng 102 $aGR 110 $aauu-------- 200 1 $aEkistics 207 1$a1955- 210 $aAthenai$cAthenaikos Tehnologikos Omilos 530 0 $aEkistics 675 $a62 675 $a711.5 675 $a301.18 712 02$aAthens Technological Organization$bAthens Center of Ekistics 801 0$aIT$bACNP$c20090723 859 4 $uhttp://acnp.cib.unibo.it/cgi-ser/start/it/cnr/dc-p1.tcl?catno=49335&person=false&language=ITALIANO&libr=&libr_th=unina1$zBiblioteche che possiedono il periodico 901 $aSE 912 $a990008954330403321 958 $aBiblioteca del dipartimento di Ingeneria Edile dell'Università.$b1969-1979;1981-1982;$c1969-1973;1982;$fDINED 959 $aDINED 996 $aEkistics$9794811 997 $aUNINA AP1 8 $6866-01$aNA107 Biblioteca del dipartimento di Ingeneria Edile dell'Università.$ep.le Tecchio,80, Napoli (NA)$m(081) 7682129; fax 7682134$nit AP2 40$aacnp.cib.unibo.it$nACNP Italian Union Catalogue of Serials$uhttp://acnp.cib.unibo.it/cgi-ser/start/it/cnr/df-p.tcl?catno=49335&language=ITALIANO&libr=&person=&B=1&libr_th=unina&proposto=NO